A Journey from Bengal to England - Vol - 2 (Record no. 533604)
[ view plain ]
| 000 -LEADER | |
|---|---|
| fixed length control field | 00267nam a22001217a 4500 |
| 040 ## - CATALOGING SOURCE | |
| Transcribing agency | dlc |
| 082 ## - DEWEY DECIMAL CLASSIFICATION NUMBER | |
| Classification number | 915.043 |
| 100 ## - MAIN ENTRY--PERSONAL NAME | |
| Personal name | Geroge Forster |
| 9 (RLIN) | 27558 |
| 245 ## - TITLE STATEMENT | |
| Title | A Journey from Bengal to England - Vol - 2 |
| 250 ## - EDITION STATEMENT | |
| Edition statement | Vol - 2 |
| 300 ## - PHYSICAL DESCRIPTION | |
| Extent | 315p |
| 942 ## - ADDED ENTRY ELEMENTS (KOHA) | |
| Source of classification or shelving scheme | |
| Koha item type | Book |
| Withdrawn status | Lost status | Source of classification or shelving scheme | Damaged status | Not for loan | Permanent Location | Current Location | Date acquired | Total Checkouts | Full call number | Barcode | Date last seen | Price effective from | Koha item type |
|---|---|---|---|---|---|---|---|---|---|---|---|---|---|
| School of Civil and Environmental Engineering (SCEE) | School of Civil and Environmental Engineering (SCEE) | 01/14/2020 | 915.043 | NIT-9202 | 01/14/2020 | 01/14/2020 | Book |
